LEADER 01524nam a22003251i 4500 001 991003067689707536 005 20040527180805.0 008 040624s1938 it a||||||||||||||||ita 035 $ab13019351-39ule_inst 035 $aARCHE-097703$9ExL 040 $aDip.to Beni Culturali$bita$cA.t.i. Arché s.c.r.l. Pandora Sicilia s.r.l. 082 04$a913.38 100 1 $aLaurenzi, Luciano$0206410 245 10$aMonumenti di scultura del Museo archeologico di Rodi-IV e dell'Antiquarium di Coo-II /$cLuciano Laurenzi 260 $aRodi :$bIstituto storico-archeologico,$c1938 300 $a229 p. :$bill. ;$c31 cm 440 0$aClara Rhodos ;$v9 500 $aPubblicato con: Due vasi del Museo archeologico di Rodi / E. Paribeni ; Una bilingue greco-nabatea a Coo / G. Levi Della vida ; La legge ateniese sull'unificazione della moneta / M. Segre ; Iscrizioni di Licia / M. Segre ; Un nuovo decreto di Lindo nel V sec. a.C. / S. Accame 650 4$aScavi archeologici$xJalisso 650 4$aArcheologia$xRodi 700 1 $aSegre, Mario 700 1 $aParibeni, Enrico 700 1 $aAccame, Silvio 700 1 $aLevi Della Vida, Giorgio 907 $a.b13019351$b02-04-14$c12-07-04 912 $a991003067689707536 945 $aLE001 AR IX 19c$g1$i2001000125661$lle001$nC. 1$o-$pE0.00$q-$rl$s- $t0$u0$v0$w0$x0$y.i13632449$z12-07-04 996 $aMonumenti di scultura del Museo archeologico di Rodi-IV e dell'Antiquarium di Coo-II$9289309 997 $aUNISALENTO 998 $ale001$b12-07-04$cm$da $e-$fita$git $h0$i1 LEADER 01314nam a2200349 i 4500 001 991000961889707536 005 20020507104447.0 008 980721s1995 uk ||| | eng 020 $a0521483182 035 $ab10154140-39ule_inst 035 $aLE00639821$9ExL 040 $aDip.to Fisica$bita 084 $a53.1.65 084 $a53.1.66 084 $a53.1.67 084 $a53.7.8 084 $a530.4'17 084 $aQC173.4.S94B37 100 1 $aBarabasi, Albert-Laszlo$0348243 245 10$aFractal concepts in surface growth /$cAlbert-Laszlo Barabasi, H. Eugene Stanley 260 $aCambridge :$bCambridge University Press,$c1995 300 $axx, 366 p. ;$c25 cm. 500 $aIncludes bibliographical references and index. 650 4$aCrystals-Growth 700 1 $aStanley, H. Eugene$eauthor$4http://id.loc.gov/vocabulary/relators/aut$094081 907 $a.b10154140$b21-09-06$c27-06-02 912 $a991000961889707536 945 $aLE006 53.1.67 BAR$g1$i2006000069915$lle006$o-$pE0.00$q-$rl$s- $t0$u2$v7$w2$x0$y.i10186438$z27-06-02 945 $aLE006 53.1.67 BAR$g2$i2006000071833$lle006$o-$pE0.00$q-$rl$s- $t0$u2$v0$w2$x0$y.i1018644x$z27-06-02 996 $aFractal concepts in surface growth$9880483 997 $aUNISALENTO 998 $ale006$b01-01-98$cm$da $e-$feng$guk $h0$i2 LEADER 02996oas 2200937 a 450 001 9910516102203321 005 20251106213014.0 011 $a1706-9211 035 $a(OCoLC)50928566 035 $a(CONSER)cn2002704215 035 $a(CKB)991042735570520 035 $a(EXLCZ)99991042735570520 100 $a20021105a20029999 ua b 101 0 $afre 135 $aurcn||||||||| 181 $ctxt$2rdacontent/fre 182 $cc$2rdamedia/fre 200 10$aGuide statistique de l'e?nergie 210 $aOttawa $cStatistique Canada$d©2000- 300 $aTitre de l'e?cran-titre (visionne? le 30 sept. 2002). 300 $aArchive? par la Bibliothe?que nationale du Canada. 311 08$a1496-4619 531 0 $aGuide stat. e?nergie 606 $aPower resources$zCanada$vStatistics$vPeriodicals 606 $aRessources e?nerge?tiques$zCanada$vStatistiques$vPe?riodiques 606 $aPower resources$2fast$3(OCoLC)fst01074275 606 $aApprovisionnement e?nerge?tique$2rasuqam 606 $aConsommation d'e?nergie$2rasuqam 606 $aProduction e?nerge?tique$2rasuqam 606 $aIndicateur e?conomique$2rasuqam 606 $aRessources e?nerge?tiques$2rasuqam 607 $aCanada$2fast$1https://id.oclc.org/worldcat/entity/E39PBJkMHVW4rfVXPrhVP4VwG3 607 $aCanada$2rasuqam 608 $aStatistics. 608 $aGovernment Publication. 608 $aserials (publications)$2aat 608 $apublic records.$2aat 608 $aSerial publications.$2fast 608 $aPeriodicals.$2fast 608 $aStatistics.$2fast 608 $aSerial publications.$2lcgft 608 $aStatistics.$2lcgft 608 $aPe?riodique e?lectronique (Descripteur de forme)$2rasuqam 608 $aRessource Internet (Descripteur de forme)$2rasuqam 608 $aStatistiques (Descripteur de forme)$2rasuqam 608 $aPublications en se?rie.$2rvmgf 608 $aStatistiques.$2rvmgf 608 $aPublications officielles.$2rvmgf 615 0$aPower resources 615 6$aRessources e?nerge?tiques 615 7$aPower resources. 615 7$aApprovisionnement e?nerge?tique. 615 17$aConsommation d'e?nergie. 615 17$aProduction e?nerge?tique. 615 7$aIndicateur e?conomique. 615 17$aRessources e?nerge?tiques. 676 $a333.79/0971/021 712 02$aStatistique Canada.$bSection des indicateurs courants de l'investissement. 801 0$bNLC 801 1$bNLC 801 2$bOCLCQ 801 2$bUQ1 801 2$bOCLCQ 801 2$bHEBIS 801 2$bOCLCF 801 2$bOCLCO 801 2$bOCLCQ 801 2$bOCLCO 801 2$bOCLCQ 801 2$bNLC 801 2$bOCLCQ 801 2$bQ3C 801 2$bOCLCO 801 2$bOCL 801 2$bNLC 801 2$bOCLCL 801 2$bOCLCQ 906 $aJOURNAL 912 $a9910516102203321 996 $aGuide statistique de l'énergie$91916013 997 $aUNINA